| 000 | 01133cam a22003497a 4500 | ||
|---|---|---|---|
| 003 | CHAP | ||
| 005 | 20220329142620.0 | ||
| 008 | 010926d2000 mx r 00110 spa d | ||
| 010 | _a85662 | ||
| 011 | _a86634 | ||
| 035 | _a97173 | ||
| 040 | _cCHAP | ||
| 082 | 0 | 4 |
_a537.62 _bZ3 |
| 100 | 0 | 0 |
_aZandman, Felix _9123613 |
| 245 | 1 | 0 |
_aResistor theory and technology _c/by Felix Zandman, Paul-René Simon and Joseph Szwarc |
| 260 |
_aPark Ridge, N.J. : _bSCITECH, _c2001. |
||
| 300 |
_a308 p. ; _bgráfs. |
||
| 590 |
_aBATCH-UPD _b10 _c20130110 _lUCH01 _h0403 |
||
| 590 |
_aBATCH-UPD _b10 _c20130110 _lUCH01 _h1924 |
||
| 590 |
_aBATCH-UPD _b10 _c20130410 _lUCH01 _h0036 |
||
| 590 |
_aBATCH-UPD _b10 _c20130914 _lUCH01 _h1028 |
||
| 590 |
_aCONVERSION _b10 _c20130109 _lUCH01 _h1348 |
||
| 650 | 1 | 4 |
_aConductividad eléctrica. _926344 |
| 650 | 1 | 4 |
_aResistencia eléctrica. _996124 |
| 650 | 1 | 4 |
_aTecnología. _9111937 |
| 700 | 0 | 0 |
_aSimon, Paul-René. _9106190 |
| 700 | 0 | 0 |
_aSzwarc, Joseph _9111190 |
| 901 | _aBK | ||
| 905 | _aAlejandra Carrasco M. | ||
| 942 | _cLIBRO | ||
| 949 |
_a537.62 Z3 _bBC _cLIBRO _d33724000863817 _eLIBRO _h102474 _i97173 _si |
||
| 999 |
_c85662 _d85662 |
||